| 000 | 00388nam a2200145Ia 4500 | ||
|---|---|---|---|
| 008 | 230917s9999||||xx |||||||||||||| ||und|| | ||
| 040 |
_e168128 _aMAIN |
||
| 041 | _aEnglish | ||
| 082 | _a660.6 T326I | ||
| 100 | _aThakur, Indu Shekhar | ||
| 245 | 0 | _aIndustrial biotechnology: Problems and remedies | |
| 260 |
_aNew Delhi _bI K International _c2006 |
||
| 300 | _ax, 322 p. | ||
| 942 | _cBK | ||
| 999 |
_c156044 _d156044 |
||